[Event "24th TCh-CRO Women 2015"]
[Site "Bol CRO"]
[Date "2015.10.08"]
[Round "7.43"]
[White "Berke, A"]
[Black "Grgic, N"]
[Result "1/2-1/2"]
[WhiteElo "2141"]
[BlackElo "1927"]
[EventDate "2015.10.03"]
[WhiteTitle "WIM"]
[WhiteTeam "SK DRAGA - Rijeka"]
[BlackTeam "SK DAMA - DJakovo"]
[WhiteFideId "14510359"]
[BlackFideId "14520842"]
[EventType "tourn"]

1.e4 e5 2.Nf3 Nc6 3.Bc4 Bc5 4.c3 Nf6 5.d4 exd4 6.cxd4 Bb4+ 7.Bd2 Bxd2+ 8.
Nbxd2 d5 9.exd5 Nxd5 10.Qb3 Nce7 11.O-O O-O 12.Rfe1 c6 13.Ne4 Nb6 14.Bd3 
Nf5 15.Rad1 Nd5 16.Nc3 Nxc3 17.bxc3 Qf6 18.Re5 Nd6 19.Rde1 h6 20.c4 Bg4 
21.Nd2 Rae8 22.Nf1 c5 23.Rxe8 Rxe8 24.Rxe8+ Nxe8 25.dxc5 Qd4 26.h3 Bc8 27.
Qa3 Nc7 28.Ne3 Na6 29.Nd5 Bd7 30.Ne7+ Kh8 31.Qa5 Be8 32.Bf1 Qd7 33.Nd5 Qc8
34.Qe1 Nxc5 35.Qe7 Ne6 36.Bd3 Qd7 37.Qb4 b6 38.Bf5 Qa4 39.Qe7 Qd7 40.Qb4 
Qa4 41.Qe7 Qd7 42.Qb4 Qa4 1/2-1/2

[Event "TCh-ROU Superliga 2015"]
[Site "Mamaia ROU"]
[Date "2015.10.08"]
[Round "6.2"]
[White "Mocanu, Victor-Valentin"]
[Black "Tomici, S"]
[Result "1/2-1/2"]
[WhiteElo "2081"]
[BlackElo "2308"]
[EventDate "2015.10.03"]
[BlackTitle "FM"]
[WhiteTeam "CS SAH CLUB GALATI"]
[BlackTeam "CS STUDENTESC MEDICINA TIMISOARA"]
[WhiteFideId "1224522"]
[BlackFideId "1218417"]
[EventType "team"]

1.e4 e5 2.Nf3 Nc6 3.Bc4 Nf6 4.d3 Be7 5.Bb3 O-O 6.O-O h6 7.h3 d6 8.c3 Nh7 
9.Nbd2 Ng5 10.Nc4 Be6 11.Ne3 Qd7 12.Qe2 Rae8 13.Nh2 Bd8 14.Nd5 f5 15.Bxg5 
Bxg5 16.Nf3 Bd8 17.Ne3 f4 18.Bxe6+ Qxe6 19.Nd5 Nb8 20.Nh2 c6 21.Nb4 Nd7 
22.Qg4 Qf7 23.a4 Nf6 24.Qe2 a5 25.Nc2 Bb6 26.b4 d5 27.Rab1 axb4 28.cxb4 
Qg6 29.Rfe1 dxe4 30.dxe4 Rd8 31.Nf3 Rfe8 32.a5 Ba7 33.a6 b5 34.Nh4 Qg3 35.
Nf3 Rd7 36.Rf1 Qg6 37.Rfe1 Ree7 38.Nh4 Qe8 39.Nf5 Rf7 40.Red1 Qd8 41.Ne1 
Nxe4 42.Rxd7 Qxd7 43.Nxh6+ gxh6 44.Qxe4 Qd2 45.Qg6+ Rg7 46.Qe6+ Kh7 47.
Qf5+ Kg8 48.Qe6+ 1/2-1/2

[Event "TCh-ROU Superliga 2015"]
[Site "Mamaia ROU"]
[Date "2015.10.09"]
[Round "7.1"]
[White "Iordachescu, V"]
[Black "Balogh, C"]
[Result "1/2-1/2"]
[WhiteElo "2583"]
[BlackElo "2657"]
[EventDate "2015.10.03"]
[WhiteTitle "GM"]
[BlackTitle "GM"]
[WhiteTeam "ACS SAH APA NOVA BUCURESTI"]
[BlackTeam "CS AEM LUXTEN TIMISOARA"]
[WhiteFideId "13900200"]
[BlackFideId "718939"]
[EventType "team"]

1.e4 e5 2.Nf3 Nc6 3.Bc4 Bc5 4.c3 Nf6 5.d3 a6 6.Bb3 O-O 7.h3 Re8 8.Nbd2 d6 
9.Nf1 Be6 10.Ng3 h6 11.Nh2 Bxb3 12.axb3 d5 13.Qf3 dxe4 14.dxe4 Bf8 15.Nf5 
Re6 16.Ng4 Ne8 17.O-O Nd6 18.Rd1 Qe8 19.Nxd6 Bxd6 20.Ne3 Ne7 21.b4 Rd8 22.
Nc4 Ng6 23.Be3 Be7 24.Rxd8 Qxd8 25.Rd1 Qe8 26.g3 Qc8 27.Qg4 b5 28.Na5 c5 
29.bxc5 Bxc5 30.Bxc5 Qxc5 31.Rd8+ Kh7 32.Nb3 Qc4 33.Qd1 Rb6 34.Nd2 Qe6 35.
Qg4 Qf6 36.Qd7 Re6 37.Nf1 Re7 38.Qd1 Qe6 39.Kg2 Re8 40.Rd6 Qc8 41.Ne3 Ne7 
42.Qg4 a5 43.Qxc8 Nxc8 44.Ra6 a4 45.c4 bxc4 46.Nxc4 f6 47.Ra8 Nd6 48.Rxe8 
Nxe8 49.Nb6 Nd6 50.Kf3 Kg6 51.Nxa4 f5 52.Nc3 Kf6 53.b4 g6 54.Ke3 Ke6 55.
Kd3 Kd7 56.exf5 gxf5 57.f4 Ke6 58.b5 Nb7 59.Kc4 Kd6 60.fxe5+ Kxe5 61.b6 h5
62.Ne2 Ke4 63.h4 Kf3 64.Kd3 Kf2 65.Nd4 Kxg3 66.Nxf5+ Kf4 67.Ng7 Kg4 68.Ke4
Kxh4 69.Kf5 Nc5 70.Kg6 Kg4 71.Nxh5 Kf3 72.Nf6 Ke3 73.Kf7 Kd4 74.Ke7 Kc4 
75.Kd6 Kb5 76.Nd5 Nb7+ 77.Kc7 Nc5 78.Nc3+ Ka6 79.Kc6 Ne6 80.Nd5 Nd4+ 81.
Kc7 Nb5+ 82.Kc6 Na7+ 83.Kc7 Nb5+ 84.Kb8 Nd6 85.Ka8 Nb7 86.Kb8 Nd6 87.Kc7 
1/2-1/2

[Event "TCh-ROU Superliga 2015"]
[Site "Mamaia ROU"]
[Date "2015.10.09"]
[Round "7.3"]
[White "Nemeth, F"]
[Black "Glodeanu, I"]
[Result "1/2-1/2"]
[WhiteElo "2452"]
[BlackElo "2157"]
[EventDate "2015.10.03"]
[WhiteTitle "IM"]
[BlackTitle "IM"]
[WhiteTeam "CS VICTORIA TECHIRGHIOL"]
[BlackTeam "CS PETROM FLACARA MORENI"]
[WhiteFideId "1204467"]
[BlackFideId "1201395"]
[EventType "team"]

1.e4 e5 2.Nf3 Nc6 3.Bc4 Bc5 4.d3 Nf6 5.c3 d6 6.Bb3 Bb6 7.Nbd2 Ne7 8.a4 c6 
9.h3 Ng6 10.Nc4 Bc7 11.O-O O-O 12.Re1 h6 13.Ne3 Nh5 14.Nf5 Nhf4 15.g3 Ne6 
16.Nh2 Ne7 17.Qh5 Nxf5 18.exf5 Ng5 19.h4 Nh7 20.Ng4 Nf6 21.Nxh6+ Kh7 22.
Qg5 Nd5 23.Qh5 Nf6 24.Qg5 Nd5 1/2-1/2

[Event "TCh-ROU Superliga 2015"]
[Site "Mamaia ROU"]
[Date "2015.10.10"]
[Round "8.2"]
[White "Vasiesiu, D"]
[Black "Svetushkin, D"]
[Result "0-1"]
[WhiteElo "2388"]
[BlackElo "2586"]
[EventDate "2015.10.03"]
[WhiteTitle "IM"]
[BlackTitle "GM"]
[WhiteTeam "CS APOLLO SATU MARE"]
[BlackTeam "CS POLITEHNICA-ANTIBIOTICE IASI"]
[WhiteFideId "1201131"]
[BlackFideId "13900463"]
[EventType "team"]

1.e4 e5 2.Nf3 Nc6 3.Bc4 Bc5 4.c3 Nf6 5.d3 a6 6.Bb3 d6 7.h3 h6 8.Nbd2 Ba7 
9.Nf1 Be6 10.Ng3 Qd7 11.Bxe6 fxe6 12.O-O g5 13.Nh2 O-O-O 14.Nh5 Nxh5 15.
Qxh5 d5 16.a4 Rdf8 17.b4 dxe4 18.b5 Na5 19.Ba3 Qf7 20.Qe2 exd3 21.Qxd3 Rd8
22.Qe2 h5 23.Nf3 g4 24.Nxe5 Qf5 25.Rad1 Rxd1 26.Rxd1 gxh3 27.g3 h4 28.g4 
Qf4 29.Kh1 Qxf2 30.Qxf2 Bxf2 31.g5 Rg8 32.Nf7 Nc4 33.Be7 Ne3 34.Rd2 Bg3 
35.Nh6 Re8 36.g6 Rxe7 37.Nf7 Re8 0-1

[Event "TCh-ROU Superliga 2015"]
[Site "Mamaia ROU"]
[Date "2015.10.11"]
[Round "9.1"]
[White "Vovk, A"]
[Black "Vajda, Le"]
[Result "1-0"]
[WhiteElo "2619"]
[BlackElo "2568"]
[EventDate "2015.10.03"]
[WhiteTitle "GM"]
[BlackTitle "GM"]
[WhiteTeam "CS AEM LUXTEN TIMISOARA"]
[BlackTeam "CLUBUL DE SAH AL MUNICIPIULUI BAIA MARE"]
[WhiteFideId "14114470"]
[BlackFideId "1203975"]
[EventType "team"]

1.e4 e5 2.Nf3 Nc6 3.Bc4 Bc5 4.O-O Nf6 5.d3 O-O 6.Nbd2 d6 7.c3 a6 8.Bb3 Ba7
9.h3 Ne7 10.Re1 Ng6 11.Nf1 Be6 12.Bc2 h6 13.Ng3 Re8 14.d4 c6 15.Be3 Qe7 
16.Qd2 Qf8 17.Rad1 Rad8 18.Qc1 Bc8 19.b4 Be6 20.a4 Kh8 21.a5 Bb8 22.Bb1 
Bc7 23.Qc2 Qg8 24.c4 exd4 25.Nxd4 Bc8 26.f4 c5 27.Nb3 cxb4 28.Qd2 Bd7 29.
Qxb4 Bc6 30.Bc1 Nd7 31.Nd4 Qf8 32.Bc2 Nc5 33.Nxc6 bxc6 34.Be3 Rb8 35.Qc3 
Nb7 36.Ra1 Kg8 37.Nh5 Nc5 38.Bxc5 dxc5 39.e5 Red8 40.Be4 Rd4 41.Qg3 Ne7 
42.Ra3 Kh8 43.Qh4 Bd8 44.Qg4 Rxc4 45.f5 Nd5 46.Qf3 Rd4 47.f6 g6 48.Ng7 c4 
49.Bxg6 Qb4 50.Rb1 Qxb1+ 51.Bxb1 Rxb1+ 52.Kh2 Nxf6 53.Qe3 Rg4 54.Nf5 Rg5 
55.Nxh6 Rg7 56.Nf5 Rg6 57.exf6 Bc7+ 58.g3 1-0

[Event "43rd TCh-GRE 2015"]
[Site "Porto Rio GRE"]
[Date "2015.10.08"]
[Round "1.6"]
[White "Iordanidou, Z"]
[Black "Galunova, T"]
[Result "0-1"]
[WhiteElo "2033"]
[BlackElo "2145"]
[EventDate "2015.10.08"]
[WhiteTeam "ADA KORINTHIAS 'ARGONAFTIS'"]
[BlackTeam "MGS Ethnikos Alexandroupolis"]
[WhiteFideId "4209192"]
[BlackFideId "2909995"]

1.e4 e5 2.Nf3 Nc6 3.Bc4 Bc5 4.c3 Nf6 5.d3 a6 6.Bb3 Ba7 7.O-O d6 8.h3 O-O 
9.Re1 h6 10.Nbd2 Be6 11.Nf1 d5 12.Ng3 Re8 13.Nd2 d4 14.Qf3 Qd7 15.Nf5 Nh7 
16.Nf1 Rad8 17.N1g3 dxc3 18.bxc3 Ne7 19.Bc2 Nxf5 20.exf5 Bd5 21.Qg4 Nf6 
22.Qa4 b5 23.Qh4 Qc6 24.Ne2 Bxg2 25.Qg3 Bf3 26.Bd2 Nh5 27.Qh2 Qf6 28.Ng3 
Nf4 29.Bxf4 exf4 30.Ne4 Qxf5 31.Rac1 c5 0-1

[Event "43rd TCh-GRE 2015"]
[Site "Porto Rio GRE"]
[Date "2015.10.08"]
[Round "2.8"]
[White "Poulidis, S"]
[Black "Tsekmes, Dimitrios"]
[Result "1-0"]
[WhiteElo "2130"]
[BlackElo "2086"]
[EventDate "2015.10.08"]
[WhiteTeam "PANIONIOS GSS"]
[BlackTeam "MGS Ethnikos Alexandroupolis"]
[WhiteFideId "4234448"]
[BlackFideId "4278151"]

1.e4 e5 2.Nf3 Nc6 3.Bc4 Bc5 4.d3 Nf6 5.O-O O-O 6.h3 d5 7.exd5 Nxd5 8.Nc3 
Nxc3 9.bxc3 h6 10.Re1 Qf6 11.Be3 Bd6 12.Nd2 Qg6 13.Kh1 Kh8 14.Ne4 f5 15.
Nxd6 cxd6 16.f4 Bd7 17.Rb1 b6 18.Qd2 Rae8 19.Bb5 Nb8 20.a4 Qh5 21.Kg1 g5 
22.fxe5 dxe5 23.Qd1 Qg6 24.Rf1 f4 25.Bc1 h5 26.Ba3 Rf6 27.Qe2 g4 28.Bxd7 
Nxd7 29.h4 g3 30.Rb5 Rf5 31.Rd5 Qf6 32.Rxf4 Rxf4 33.Qxh5+ 1-0

[Event "43rd TCh-GRE 2015"]
[Site "Porto Rio GRE"]
[Date "2015.10.09"]
[Round "3.3"]
[White "Panagiotakopoulos, G"]
[Black "Papadopoulos, Ar"]
[Result "1/2-1/2"]
[WhiteElo "2196"]
[BlackElo "2267"]
[EventDate "2015.10.08"]
[BlackTitle "FM"]
[WhiteTeam "DP PAPAGOU"]
[BlackTeam "ADA CHANIA"]
[WhiteFideId "4210778"]
[BlackFideId "4241509"]

1.e4 e5 2.Nf3 Nc6 3.Bc4 Bc5 4.O-O Nf6 5.d4 Bxd4 6.Nxd4 Nxd4 7.f4 d6 8.fxe5
dxe5 9.Bg5 Be6 10.Na3 Qe7 11.c3 Bxc4 12.Bxf6 gxf6 13.Nxc4 Ne6 14.b4 Nf4 
15.Kh1 Qe6 16.Ne3 Qc6 17.Nd5 Rd8 18.c4 Qxc4 19.Rc1 Rxd5 20.exd5 Qxd5 21.
Qg4 Ne6 22.Rfd1 Qb5 23.Rxc7 Nxc7 24.Qc8+ Ke7 25.Qxh8 Ne6 26.Qxh7 Qxb4 27.
Rb1 Qd4 28.Rxb7+ Kd6 29.Rb1 e4 30.Re1 Ng5 31.Qf5 e3 32.g3 Ke7 33.h4 Qc3 
34.Re2 Qc6+ 35.Kg1 Nf3+ 36.Kf1 Nd2+ 37.Kg1 Nf3+ 38.Kf1 Nd2+ 39.Kg1 Nf3+ 
1/2-1/2

[Event "43rd TCh-GRE 2015"]
[Site "Porto Rio GRE"]
[Date "2015.10.09"]
[Round "3.4"]
[White "Amiridou, D"]
[Black "Dalli, Eleni"]
[Result "1-0"]
[WhiteElo "1747"]
[BlackElo "1559"]
[EventDate "2015.10.08"]
[WhiteTeam "Marion 'THUNDER' OREOKASTRO"]
[BlackTeam "ADA KORINTHIAS 'ARGONAFTIS'"]
[WhiteFideId "4218230"]
[BlackFideId "4256530"]

1.e4 e5 2.Nf3 Nc6 3.Bc4 Bc5 4.b4 Bxb4 5.c3 Be7 6.d4 exd4 7.Nxd4 Nf6 8.Nf5 
O-O 9.O-O Re8 10.Bf4 d6 11.Qb3 Na5 12.Bxf7+ Kf8 13.Qa4 Kxf7 14.Qxa5 Bf8 
15.Nd2 Kg8 16.Rad1 b6 17.Qb5 Bd7 18.Qd3 Kh8 19.Bg5 Re5 20.Nf3 Ra5 21.e5 
Bxf5 22.Qxf5 Be7 23.Qf4 Nd5 24.Qh4 Bxg5 25.Nxg5 Qg8 26.e6 Rf8 27.Rfe1 Nf6 
28.Nf7+ Rxf7 29.exf7 Qxf7 30.Qh3 Qf8 31.Rd2 Rh5 32.Qf3 d5 33.Rde2 c5 34.
Re8 1-0

[Event "43rd TCh-GRE 2015"]
[Site "Porto Rio GRE"]
[Date "2015.10.10"]
[Round "4.8"]
[White "Petraki, Argiro"]
[Black "Anthopoulou, Ioanna"]
[Result "1-0"]
[WhiteElo "1463"]
[BlackElo "1269"]
[EventDate "2015.10.08"]
[WhiteTeam "AO 'Kaissa' CHANIA"]
[BlackTeam "DP PAPAGOU"]
[WhiteFideId "4252748"]
[BlackFideId "4248040"]

1.e4 e5 2.Nf3 Nc6 3.Bc4 Bc5 4.b4 Bxb4 5.c3 Be7 6.d4 Na5 7.Be2 d6 8.Qa4+ c6
9.dxe5 dxe5 10.Nxe5 Nf6 11.O-O O-O 12.Nf3 Qc7 13.e5 Nd5 14.c4 Nb4 15.a3 
Na6 16.Bb2 Nc5 17.Qc2 b6 18.Nbd2 Nab7 19.Nd4 Ne6 20.Nf5 Nbc5 21.Ne4 Nf4 
22.Nxe7+ Qxe7 23.Bf3 Ncd3 24.Rad1 Nxe5 25.Bxe5 Qxe5 26.Rfe1 Be6 27.Nd6 Qc5
28.Qe4 Ng6 29.Qxc6 Qxc6 30.Bxc6 Rad8 31.a4 Ne7 32.Be4 Nc8 33.Nxc8 Rxc8 34.
Bd5 Bxd5 35.cxd5 Rcd8 36.f4 Rfe8 37.Kf2 Kf8 38.Re3 Rxe3 39.Kxe3 Ke7 40.Ke4
Kd6 41.Rc1 Re8+ 42.Kd4 Re2 43.Rc6+ Kd7 44.a5 Rd2+ 45.Ke4 bxa5 46.Ra6 Rxg2 
47.Rxa7+ Kd6 48.Rxa5 Rxh2 49.Ra6+ Kd7 50.Ra7+ Kd6 51.Rxf7 Rg2 52.Ra7 Re2+ 
53.Kf3 Re7 54.Ra5 h6 55.Kg4 g6 56.Ra6+ Kxd5 57.Rxg6 h5+ 58.Kxh5 Rf7 59.Kg5
Rf8 60.f5 Ke5 61.Re6+ Kd5 62.Re1 Kd6 63.f6 Kd7 64.Kg6 1-0

[Event "43rd TCh-GRE 2015"]
[Site "Porto Rio GRE"]
[Date "2015.10.10"]
[Round "4.13"]
[White "Balaska, Eleni Sofia"]
[Black "Douni, Aspasia"]
[Result "1/2-1/2"]
[WhiteElo "1378"]
[BlackElo "1488"]
[EventDate "2015.10.08"]
[WhiteTeam "CN NEW FILADELFEIAS"]
[BlackTeam "CN HERAKLION"]
[WhiteFideId "4255704"]
[BlackFideId "4232712"]

1.e4 e5 2.Nf3 Nc6 3.Bc4 Bc5 4.c3 Nf6 5.d3 d5 6.exd5 Nxd5 7.Qb3 Nb6 8.Bxf7+
Kf8 9.Bc4 Bf5 10.Bg5 Qd6 11.O-O Bxd3 12.Bxd3 Qxd3 13.Re1 Re8 14.Be3 Bd6 
15.Nbd2 Na5 16.Qd1 Nac4 17.Nxc4 Qxd1 18.Raxd1 Nxc4 19.Bc1 Re7 20.b3 Nb6 
21.c4 Nd7 22.Bg5 Re6 23.Nd4 Rg6 24.Nf3 Ke8 25.Bf4 Re6 26.Bg3 h6 27.Nd4 Rf6
28.Nf3 Re6 29.Nd4 Rf6 30.Nc2 1/2-1/2

[Event "43rd TCh-GRE 2015"]
[Site "Porto Rio GRE"]
[Date "2015.10.11"]
[Round "6.5"]
[White "Liakos, Christos - Konstantinos"]
[Black "Katsidis, Spyridon"]
[Result "1-0"]
[WhiteElo "1337"]
[BlackElo "1305"]
[EventDate "2015.10.08"]
[WhiteTeam "NO KALAMATA 'POSEIDON'"]
[BlackTeam "CN HERAKLION"]
[WhiteFideId "4278283"]
[BlackFideId "25815369"]

1.e4 e5 2.Nf3 Nc6 3.Bc4 Bc5 4.c3 Nf6 5.d3 h6 6.h3 d5 7.exd5 Nxd5 8.Bb3 O-O
9.O-O Bb6 10.Nbd2 Kh8 11.Nc4 f6 12.Nh4 Nde7 13.Be3 Be6 14.Qe2 Qd7 15.Rad1 
Bf7 16.Rd2 Nf5 17.Qg4 Nce7 18.d4 exd4 19.Bxd4 Qc8 20.Nxb6 axb6 21.Bc2 Nxh4
22.Qxh4 Bxa2 23.Qe4 Nf5 24.Qxf5 Qxf5 25.Bxf5 Rad8 26.Ra1 Bb3 27.Be3 Rde8 
28.Rd7 Rc8 29.Ra3 Bc4 30.Rd4 1-0

[Event "43rd TCh-GRE 2015"]
[Site "Porto Rio GRE"]
[Date "2015.10.11"]
[Round "6.8"]
[White "Tsekmes, Dimitrios"]
[Black "Sidiropoulos, N2"]
[Result "1/2-1/2"]
[WhiteElo "2086"]
[BlackElo "1941"]
[EventDate "2015.10.08"]
[WhiteTeam "MGS Ethnikos Alexandroupolis"]
[BlackTeam "Piraikos PG"]
[WhiteFideId "4278151"]
[BlackFideId "4217250"]

1.e4 e5 2.Nf3 Nc6 3.Bc4 Nf6 4.d3 Bc5 5.O-O O-O 6.c3 d6 7.Bb3 Bg4 8.h3 Bh5 
9.Nbd2 d5 10.Re1 dxe4 11.dxe4 Bg6 12.Bc2 Nh5 13.b4 Bb6 14.Nc4 f6 15.a4 Bf7
16.Bb3 a6 17.Nxb6 cxb6 18.Bxf7+ Rxf7 19.Qb3 Nf4 20.Be3 Rc8 21.Rad1 Qc7 22.
Rd2 g5 23.Red1 Kg7 24.Bxf4 exf4 25.Qe6 Rd8 26.Nd4 Nxd4 27.cxd4 Re7 28.Qf5 
h6 29.h4 Qc8 30.hxg5 hxg5 31.Qxc8 Rxc8 32.f3 Rc4 33.Rb2 Kf7 34.a5 b5 35.d5
Rd7 36.Kf2 Ke7 37.Rh1 Rdc7 38.Rh7+ Kd6 39.Rxc7 Kxc7 40.Ke2 Kd6 41.Kd3 Kd7 
42.Rb3 1/2-1/2

[Event "43rd TCh-GRE 2015"]
[Site "Porto Rio GRE"]
[Date "2015.10.12"]
[Round "7.2"]
[White "Firman, N"]
[Black "Pavlidis, Ant"]
[Result "0-1"]
[WhiteElo "2516"]
[BlackElo "2522"]
[EventDate "2015.10.08"]
[WhiteTitle "GM"]
[BlackTitle "GM"]
[WhiteTeam "ADA KORINTHIAS 'ARGONAFTIS'"]
[BlackTeam "CN KAVALAS"]
[WhiteFideId "14104490"]
[BlackFideId "4212312"]

1.e4 e5 2.Nf3 Nc6 3.Bc4 Nf6 4.d3 Be7 5.O-O O-O 6.Re1 d6 7.a3 Be6 8.Nbd2 h6
9.Nf1 d5 10.exd5 Bxd5 11.Bxd5 Qxd5 12.Ne3 Qd7 13.b4 Bd6 14.Bb2 a5 15.b5 
Nd4 16.a4 Rfe8 17.Nc4 Bc5 18.Ncxe5 Qd5 19.h3 Rad8 20.Bc3 Re6 21.Bxa5 Rde8 
22.c3 Nxf3+ 23.Nxf3 Rxe1+ 24.Nxe1 Ra8 25.Bxc7 Bxf2+ 26.Kxf2 Qc5+ 27.Kf1 
Qxc7 28.c4 Nd7 29.Nf3 Re8 30.a5 Nc5 31.a6 bxa6 32.bxa6 Ra8 33.d4 Ne4 34.
Qc2 f5 35.c5 Qf4 36.Qc1 Qg3 37.Qe1 Qb8 38.Kg1 Kh8 39.Qe2 Ra7 40.Ne5 Qb3 
41.Qd3 Qb2 42.Rf1 Rxa6 43.Rxf5 Ra1+ 44.Kh2 Nf6 45.Nf7+ Kg8 46.Nxh6+ Kh8 
47.Rxf6 gxf6 48.Qg6 Qb8+ 49.Qg3 Rh1+ 0-1

[Event "43rd TCh-GRE 2015"]
[Site "Porto Rio GRE"]
[Date "2015.10.12"]
[Round "7.10"]
[White "Litsas, P"]
[Black "Tsekmes, Dimitrios"]
[Result "0-1"]
[WhiteElo "1757"]
[BlackElo "2086"]
[EventDate "2015.10.08"]
[WhiteTeam "STM ELEFSINAS"]
[BlackTeam "MGS Ethnikos Alexandroupolis"]
[WhiteFideId "4227131"]
[BlackFideId "4278151"]

1.e4 e5 2.Nf3 Nc6 3.Bc4 Nf6 4.d3 Bc5 5.c3 O-O 6.Bb3 d6 7.Nbd2 Be6 8.Bc2 
Ng4 9.O-O Bxf2+ 10.Rxf2 Ne3 11.Qe2 Nxc2 12.Nf1 Nxa1 13.Ng5 h6 14.Nh3 f5 
15.exf5 Rxf5 16.Nf4 Qf6 17.Ng3 exf4 18.Nxf5 Qxf5 19.Rxf4 Qg6 20.Be3 Re8 
0-1

[Event "43rd TCh-GRE 2015"]
[Site "Porto Rio GRE"]
[Date "2015.10.12"]
[Round "7.11"]
[White "Panagiotakopoulos, G"]
[Black "Kesidis, O"]
[Result "0-1"]
[WhiteElo "2196"]
[BlackElo "2147"]
[EventDate "2015.10.08"]
[WhiteTeam "DP PAPAGOU"]
[BlackTeam "OP FLORINAS"]
[WhiteFideId "4210778"]
[BlackFideId "4221796"]

1.e4 e5 2.Nf3 Nc6 3.Bc4 Bc5 4.O-O d6 5.c3 Nf6 6.d4 Bb6 7.dxe5 Nxe5 8.Nxe5 
dxe5 9.Qb3 O-O 10.Bg5 h6 11.Bh4 Qe7 12.Nd2 Rd8 13.Rad1 Bg4 14.Nf3 Bxf3 15.
gxf3 g5 16.Bg3 Nd7 17.Qc2 c6 18.Rd2 Kg7 19.Rfd1 Nf8 20.b4 Ng6 21.a4 a6 22.
Qb3 Rxd2 23.Rxd2 Rd8 24.Rxd8 Bxd8 25.b5 cxb5 26.axb5 a5 27.Qd1 Bb6 28.Qd5 
Bc5 29.Bb3 b6 30.Kg2 Kf6 31.Qc6+ Qd6 32.Qe8 Qe7 33.Qc6+ Kg7 34.Qd5 Qf6 35.
h3 h5 36.Ba2 a4 37.Qc4 a3 38.Qd5 h4 39.Bh2 g4 40.Qd1 gxh3+ 41.Kxh3 Bxf2 
42.Qe2 Bg3 0-1

[Event "43rd TCh-GRE 2015"]
[Site "Porto Rio GRE"]
[Date "2015.10.12"]
[Round "7.15"]
[White "Vazoura, Irini"]
[Black "Bania, Aggeliki"]
[Result "1-0"]
[WhiteElo "1500"]
[BlackElo "1332"]
[EventDate "2015.10.08"]
[WhiteTeam "CN IKARIAS 'I.TZELEPIS'"]
[BlackTeam "Sailing ASSOCIATION PATRON"]
[WhiteFideId "4229932"]
[BlackFideId "4283597"]

1.e4 e5 2.Nf3 Nc6 3.Bc4 Bc5 4.c3 Nf6 5.d3 h6 6.b4 Bb6 7.a4 a6 8.Qb3 O-O 9.
O-O d6 10.Re1 Ng4 11.Be3 Nxe3 12.fxe3 Qf6 13.Rf1 Bxe3+ 14.Kh1 Be6 15.Na3 
Bxc4 16.Nxc4 Ba7 17.Nfxe5 Qe6 18.Nxc6 bxc6 19.Na5 Qxb3 20.Nxb3 Rab8 21.Na5
Rb6 22.Rab1 Rfb8 23.Rb2 c5 24.Rfb1 cxb4 25.Rxb4 Rxb4 26.Rxb4 Rxb4 27.cxb4 
Kf8 28.Nc6 Be3 29.a5 Ke8 30.d4 Kd7 31.d5 Kc8 32.g4 g5 33.Kg2 Kd7 34.Kf3 
Bg1 35.h3 f6 36.Ke2 Ke8 37.Nb8 Kd8 38.Nxa6 Kc8 39.Kd3 Kb7 40.b5 Bf2 41.Kc4
Be1 42.Nb4 Bxb4 43.Kxb4 Ka7 44.a6 Ka8 45.Ka5 Ka7 46.b6+ cxb6+ 47.Kb5 1-0

[Event "TCh-SVK 2015-16"]
[Site "Slovakia SVK"]
[Date "2015.10.10"]
[Round "1.1"]
[White "Zambor, N"]
[Black "Sosovicka, J"]
[Result "1-0"]
[WhiteElo "2312"]
[BlackElo "2210"]
[EventDate "2015.10.10"]
[WhiteTitle "FM"]
[WhiteTeam "SK Prakovce"]
[BlackTeam "SK Strelec Devinska Nova Ves"]
[WhiteFideId "14901200"]
[BlackFideId "14911418"]

1.e4 e5 2.Nf3 Nc6 3.Bc4 Nf6 4.d3 Be7 5.O-O O-O 6.Re1 d6 7.c3 Na5 8.Bb5 a6 
9.Ba4 b5 10.Bc2 c5 11.h3 Nc6 12.Nbd2 Re8 13.Nf1 h6 14.Ng3 Bf8 15.a4 b4 16.
d4 bxc3 17.bxc3 cxd4 18.cxd4 exd4 19.Nxd4 Nxd4 20.Qxd4 Be6 21.a5 d5 22.e5 
Nd7 23.Ba3 Bxa3 24.Rxa3 Qc7 25.Ba4 Rec8 26.Bxd7 Qxd7 27.Nh5 Rc4 28.Qd2 Bf5
29.Rg3 Bg6 30.Nf4 Be4 31.e6 Qd6 32.exf7+ Kxf7 33.f3 Rc2 34.Qe3 g5 35.fxe4 
gxf4 36.Rf1 Qc5 37.Rxf4+ Ke7 38.Rg7+ Kd6 39.Rf6+ Ke5 40.Rf5+ Ke6 41.Rg6+ 
Ke7 42.Qxc5+ Rxc5 43.exd5 Rc1+ 44.Kh2 1-0

[Event "Dutch League 2015-16"]
[Site "Netherlands NED"]
[Date "2015.09.26"]
[Round "1.10"]
[White "Meng, R"]
[Black "Vedder, R"]
[Result "1-0"]
[WhiteElo "2357"]
[BlackElo "2261"]
[EventDate "2015.09.26"]
[WhiteTitle "FM"]
[BlackTitle "FM"]
[WhiteTeam "Charlois Europoort"]
[BlackTeam "En Passant"]
[WhiteFideId "1000152"]
[BlackFideId "1004166"]
[EventType "team-tourn"]

1.e4 e5 2.Nf3 Nc6 3.Bc4 Nf6 4.d3 Be7 5.O-O d6 6.c3 O-O 7.Bb3 Na5 8.Bc2 c5 
9.Nbd2 Re8 10.Re1 Bf8 11.Nf1 h6 12.h3 g6 13.Ng3 Bg7 14.Be3 b6 15.Qd2 Kh7 
16.b4 Nc6 17.a3 Bb7 18.Rab1 Qc7 19.Bb3 Rad8 20.Qa2 Re7 21.Rec1 Qd7 22.Ba4 
Qc8 23.d4 exd4 24.cxd4 Nxe4 25.Nxe4 Rxe4 26.dxc5 dxc5 27.Bc2 Re7 28.bxc5 
Ne5 29.Nxe5 Bxe5 30.cxb6 Qa8 31.Rb5 Bg7 32.bxa7 Bxg2 33.Rb8 Qf3 34.a8=Q 
Qxh3 35.Qxg2 Qxg2+ 36.Kxg2 Rxb8 1-0

[Event "Dutch League 2015-16"]
[Site "Netherlands NED"]
[Date "2015.10.10"]
[Round "2.8"]
[White "Dek, L"]
[Black "Van Kerkhof, D"]
[Result "1/2-1/2"]
[WhiteElo "2230"]
[BlackElo "2319"]
[EventDate "2015.09.26"]
[BlackTitle "FM"]
[WhiteTeam "Kennemer Combinatie"]
[BlackTeam "HMC Calder"]
[WhiteFideId "1013114"]
[BlackFideId "1012827"]
[EventType "team-tourn"]

1.e4 e5 2.Nf3 Nc6 3.Bc4 Nf6 4.Ng5 d5 5.exd5 Na5 6.Bb5+ Bd7 7.Qe2 Be7 8.Nc3
O-O 9.O-O Re8 10.Nf3 Bf8 11.Bxd7 Qxd7 12.Nxe5 Qf5 13.d4 c5 14.Be3 Rad8 15.
Qb5 cxd4 16.Bxd4 Rxe5 17.Bxe5 Qxe5 18.Qxa5 Ng4 19.g3 Rd6 20.Qa4 Qh5 21.h4 
Ne5 22.Qe4 Rg6 23.Kg2 Rg4 24.f4 Ng6 25.Ne2 Nxh4+ 26.Kf2 Nf5 27.Rh1 Qg6 28.
Ke1 h5 29.Rd1 h4 30.d6 Bxd6 31.Rd5 Nxg3 32.Qe8+ Kh7 33.Nxg3 Bxf4 34.Rh5+ 
Bh6 35.Rxh6+ gxh6 36.Ne2 Re4 37.Qd7 Rxe2+ 38.Kxe2 Qe4+ 39.Kd2 Qxh1 40.
Qxf7+ Kh8 41.Qf8+ Kh7 42.Qf7+ 1/2-1/2

[Event "Dutch League 2015-16"]
[Site "Netherlands NED"]
[Date "2015.10.10"]
[Round "2.10"]
[White "Ten Vergert, P"]
[Black "De Groote, E"]
[Result "1/2-1/2"]
[WhiteElo "2203"]
[BlackElo "2315"]
[EventDate "2015.09.26"]
[WhiteTitle "CM"]
[WhiteTeam "SISSA"]
[BlackTeam "BSG"]
[WhiteFideId "1021249"]
[BlackFideId "1017870"]
[EventType "team-tourn"]

1.e4 e5 2.Nf3 Nc6 3.Bc4 Nf6 4.d3 Bc5 5.O-O d6 6.Be3 a6 7.Nbd2 O-O 8.h3 b5 
9.Bb3 Bxe3 10.fxe3 Na5 11.Qe1 c5 12.Bd5 Nxd5 13.exd5 f5 14.a3 Nb7 15.Qg3 
Bd7 16.Rae1 Qc7 17.c4 bxc4 18.Nxc4 Na5 19.Nfd2 Nxc4 20.Nxc4 Rab8 21.Qg5 
Rf6 22.Rf2 Qb7 23.e4 Rbf8 24.Qd2 Bb5 25.Rc1 fxe4 26.Rxf6 Rxf6 27.dxe4 Bxc4
28.Rxc4 Qb3 29.Rc3 Qa2 30.Qe2 Qb1+ 31.Kh2 a5 32.Rb3 h6 33.Rf3 Rxf3 34.gxf3
Qc1 35.Kg2 Kh7 36.Qf2 h5 37.h4 Kh6 38.Kh3 g5 39.hxg5+ Kg6 40.Kg2 Qxg5+ 41.
Kh3 Kh6 42.Qe1 Qf4 43.Qf2 Qc1 44.Kg2 Qg5+ 45.Kh3 Qf4 46.Kg2 1/2-1/2

[Event "World Blitz 2015"]
[Site "Berlin GER"]
[Date "2015.10.13"]
[Round "1.80"]
[White "Volokitin, And"]
[Black "Ben Artzi, I"]
[Result "1-0"]
[WhiteElo "2639"]
[BlackElo "2419"]
[EventDate "2015.10.13"]
[WhiteTitle "GM"]
[BlackTitle "IM"]
[WhiteFideId "14107090"]
[BlackFideId "2810913"]

1.e4 e5 2.Nf3 Nc6 3.Bc4 Bc5 4.c3 Nf6 5.d3 a6 6.Nbd2 Ba7 7.O-O O-O 8.h3 d5 
9.exd5 Nxd5 10.Ne4 Nf4 11.Bxf4 exf4 12.d4 Bf5 13.Bd3 Re8 14.Qc2 Bg6 15.
Rfe1 Qd5 16.Ned2 Rxe1+ 17.Rxe1 Qxa2 18.Ng5 Qd5 19.Ndf3 Qd7 20.h4 Re8 21.
Rxe8+ Qxe8 22.h5 Bxd3 23.Qxd3 g6 24.h6 Nd8 25.Qc4 Qe7 26.d5 Qd6 27.Qe4 Kf8
28.Nxh7+ Kg8 29.Nfg5 f6 30.Qe8+ 1-0